Sus mejores cuentos
Saved in:
| Hovedforfatter: | |
|---|---|
| Format: | Bog |
| Sprog: | spansk |
| Udgivet: |
Santiago
Planeta
1998
|
| Serier: | Serie Bolsillo
|
| Fag: | |
| Tags: |
Tilføj Tag
Ingen Tags, Vær først til at tagge denne postø!
|
MARC
| LEADER | 00000nam a2200000 a 4500 | ||
|---|---|---|---|
| 001 | UCQ5744 | ||
| 003 | CL-VaPUC | ||
| 008 | 981002e19980000CL |||||||||||||||||spa|d | ||
| 082 | 0 | 4 | |a Ch863 |b COL |2 21 |
| 100 | 0 | |a Coloane, Francisco |e author |9 345716 | |
| 245 | 1 | 0 | |a Sus mejores cuentos |
| 300 | |a 302 p | ||
| 942 | |c BK | ||
| 945 | |d 19981002 00:00:00 |a aarredon | ||
| 260 | |a Santiago |b Planeta |c 1998 | ||
| 650 | 0 | |a Cuentos chilenos |9 308280 | |
| 583 | |a last modification |c 19981002 00:00:00 |k Rodrigo Vera | ||
| 490 | 0 | |a Serie Bolsillo | |
| 999 | |c 275931 |d 275929 | ||
| 952 | |0 0 |1 0 |4 0 |6 CH_863_000000000000000_COL_1998 |7 0 |8 A |9 312881 |a BIBEDU |b BIBEDU |d 2019-11-20 |i 3467694 |o Ch863 COL 1998 |p 3467694 |r 2019-11-20 |w 2019-11-20 |y BK |k EPE | ||